Statistics in theory and practice /

Aimed at readers without a specialist scientific background, this monograph describes the theory underlying classical statistical methods. Readers with some familiarity of the standard tests will learn more about their strengths, weaknesses and domains of applicability

محفوظ في:
التفاصيل البيبلوغرافية
المؤلف الرئيسي: Lupton, Robert
التنسيق: كتاب
منشور في: Princeton, N.J. : Princeton University Press, c1993.
الموضوعات:
الوصول للمادة أونلاين:http://www.loc.gov/catdir/description/prin021/92036396.html
الوسوم: إضافة وسم
لا توجد وسوم, كن أول من يضع وسما على هذه التسجيلة!

MARC

LEADER 00000pam a2200000 a 4500
020 |a 0691074291   |c TZS 63,520.44 
040 |a MUL  |b eng  |e AACR 
082 0 0 |a 519.5 LUP 
100 1 |a Lupton, Robert, 
245 1 0 |a Statistics in theory and practice /  |c Robert Lupton. 
260 |a Princeton, N.J. :  |b Princeton University Press,  |c c1993. 
300 |a x, 188 p. :  |b ill. ;  |c 25 cm. 
504 |a Includes bibliographical references (p. 130-131) and indexes. 
505 |a Introduction Preliminaries Some common probability distributions Distributions related to the Gaussian Sampling Distributions of sample statistics Bayes' theorem and maximum likelihood Confidence intervals Hypothesis testing The theory of maximum likelihood estimators Least squares fitting for linear models Hypothesis testing in the linear model Rank correlation coefficients Tests of fit Robust tests for means 
520 |a Aimed at readers without a specialist scientific background, this monograph describes the theory underlying classical statistical methods. Readers with some familiarity of the standard tests will learn more about their strengths, weaknesses and domains of applicability 
546 |a eng 
650 0 |a Mathematical statistics. 
856 4 2 |u http://www.loc.gov/catdir/description/prin021/92036396.html 
942 |c BK 
999 |c 3296  |d 3296